LEADER 01474nam0-22004691i-450- 001 990003080060403321 005 20151125120036.0 010 $a88-06-12556-7 035 $a000308006 035 $aFED01000308006 035 $a(Aleph)000308006FED01 035 $a000308006 100 $a20030910d1991----km-y0itay50------ba 101 1 $aita$cger 102 $aIT 200 1 $a<>fine della divisione del lavoro?$eproduzione industriale e razionalizzazione$fHorst Kern e Michael Schumann$gtraduzione di Bruno Cattero 210 $aTorino$cEinaudi$d©1991 215 $axl, 426 p.$d21 cm 225 1 $aNuova biblioteca scientifica Einaudi$v85 454 0$12001$a<>Ende der Arbeitsteilung? Rationalisierung in der industriellen Produktion$957106 610 0 $aLavoro$aOrganizzazione$aAspetti sociali 676 $a306.36$v21$zita 676 $a18100 676 $aH/2.2242 676 $aH/2.227 702 1$aKern,$bHorst 702 1$aSchumann,$bMichael 801 0$aIT$bUNINA$gRICA$2UNIMARC 901 $aBK 912 $a990003080060403321 952 $aL6.32$b4285$fDECTS 952 $aC-VIII-67$b2283 dip.$fDDRC 952 $a050.002.KER$b947$fDECGE 952 $a18100 KER$b10634$fSES 952 $a306.36 KER 1$b3270$fBFS 959 $aDECGE 959 $aDECTS 959 $aDDRC 959 $aSES 959 $aBFS 996 $aEnde der Arbeitsteilung? Rationalisierung in der industriellen Produktion$957106 997 $aUNINA LEADER 00996nam0-22003131i-450 001 990006443680403321 005 20211018125654.0 035 $a000644368 035 $aFED01000644368 035 $a(Aleph)000644368FED01 035 $a000644368 100 $a20001010d1984----km-y0itay50------ba 101 0 $aita 105 $ay-------001yy 200 1 $aTerre in concessione e mobilita contadina$ele campagne fra Po, Sesia e Dora Baltea (secoli XII e XIII)$fFrancesco Panero 210 $aBologna$cCappelli$d1984 215 $a308 p.$d21 cm 225 1 $aStudi e testi di storia medievale$v9 300 $aIn appendice: La cosiddetta "servitù della gleba": un problema aperto 676 $a945.04 700 1$aPanero,$bFrancesco$0166967 801 0$aIT$bUNINA$gRICA$2UNIMARC 901 $aBK 912 $a990006443680403321 952 $aCOLLEZ. 992 (9)$b28175$fFSPBC 959 $aFSPBC 996 $aTerre in concessione e mobilita contadina$9650541 997 $aUNINA DB $aGEN01 LEADER 01231cam0-2200445---450 001 990003803050403321 005 20221111170247.0 035 $a000380305 035 $aFED01000380305 035 $a(Aleph)000380305FED01 100 $a20030910d1976----km-y0itay50------ba 101 0 $aita 102 $aIT 105 $ay-------001yy 200 1 $aAntologia degli scritti$fJohn B. Watson$ga cura di Paolo Meazzini 210 $aBologna$cil Mulino$dc1976 215 $a212 p.$d19 cm 225 1 $a<>pensiero moderno$iPsicologia$v3 610 0 $aPsicologia 676 $a150.194$v23$zita 676 $a301 676 $a153 700 1$aWatson,$bJohn Broadus$f<1878-1958>$0143309 702 1$aMeazzini,$bPaolo 801 0$aIT$bUNINA$gRICA$2UNIMARC 901 $aBK 912 $a990003803050403321 952 $aF / WAT 1$b2758$fBFS 952 $aP.1 PG 80 BIS$bBibl.891$fNAP03 952 $aP.1 PG 80$bI.P.876$fFLFBC 952 $a18-SOC-27$b1631 nav.$fDDCP 952 $aA / WAT 1$b2758 - 2853$fBFS 952 $aXI N 327 (3)$b19820*$fFGBC 959 $aFLFBC 959 $aNAP03 959 $aDDCP 959 $aBFS 959 $aFGBC 996 $aAntologia degli scritti$9505847 997 $aUNINA